Office Administration & Management (Record no. 370)

MARC details
000 -LEADER
fixed length control field 00451nam a22001697a 4500
005 - DATE AND TIME OF LATEST TRANSACTION
control field 20180606124942.0
008 - FIXED-LENGTH DATA ELEMENTS--GENERAL INFORMATION
fixed length control field 160430b xxu||||| |||| 00| 0 eng d
020 ## - INTERNATIONAL STANDARD BOOK NUMBER
ISBN 81-259-1087-5
041 ## - LANGUAGE CODE
Language code of text/sound track or separate title eng
082 ## - DEWEY DECIMAL CLASSIFICATION NUMBER
Item number 1023
Classification number 651.3
100 ## - MAIN ENTRY--AUTHOR NAME
Personal name Madon, DP Khorshed and Mc, Dowell Homai
245 ## - TITLE STATEMENT
Title Office Administration & Management
260 ## - PUBLICATION, DISTRIBUTION, ETC. (IMPRINT)
Name of publisher Vikas Publishing house Pvt. Ltd.
Year of publication 2005
300 ## - PHYSICAL DESCRIPTION
Number of Pages 211
650 ## - SUBJECT ADDED ENTRY--TOPICAL TERM
Topical Term Management
942 ## - ADDED ENTRY ELEMENTS (KOHA)
Koha item type Books
Holdings
Lost status Damaged status Collection code Home library Current library Shelving location Date acquired Cost, normal purchase price Full call number Accession Number Koha item type
    MANAGEMENT JRU Library JRU Library SHELF-71-N 30/04/2016 150.00 651.3 1023 Books
    MANAGEMENT JRU Library JRU Library SHELF-71-N 30/04/2016 150.00 651.3 1024 Books
    MANAGEMENT JRU Library JRU Library SHELF-71-N 30/04/2016 150.00 651.3 1025 Books
    MANAGEMENT JRU Library JRU Library SHELF-71-N 30/04/2016 150.00 651.3 1026 Books
    MANAGEMENT JRU Library JRU Library SHELF-71-N 30/04/2016 150.00 651.3 1027 Books
    MANAGEMENT JRU Library JRU Library SHELF-71-N 30/04/2016 150.00 651.3 1028 Books
    Reference JRU Library JRU Library Shelf - 13- D 30/04/2016 150.00 651.3 1029 Books
    MANAGEMENT JRU Library JRU Library SHELF-71-N 30/04/2016 150.00 651.3 1030 Books
    MANAGEMENT JRU Library JRU Library SHELF-71-N 30/04/2016 150.00 651.3 1031 Books